00784nam a22001937a 450000500170000000800410001701000140005802000260007203500130009803700150011104000180012608200120014424501870015626000470034327000740039030000290046450000630049365000340055620090518111352.0090518t xxu||||| |||| 00| 0 eng d aENG-93561 a9788177081640c660.00 aEN-77094 bDBAD / PUB adplbEnglish  a336.003 aNew Century's dictionary of public finance:b(explaining terms used in government budgeting, taxation, public expenditure, government borrowings fiscal federalism and related topics) aNew Delhi bNew Century Publicationsc2008 a4800/24, Bharat Ram Road, Ansari Road, Daryaganj,bNew Delhi e110002 axxiii, 287p. c23cm(Hb)  aPrepared by the Research Wing of New Century Publications  aFinance, PublicxDictionaries